Statistics for Simpsons Family Characters

Click here to take the quiz!

General Stats

  • This quiz has been taken 11 times
  • The average score is 6 of 7

Answer Stats

Simpson Family% Correct
Bart
100%
Homer
100%
Lisa
100%
Maggie
100%
Marge
100%
Santa's Little Helper
73%
Snowball II / Snowball 2 / Snowball
55%

Score Distribution

Percentile by Number Answered

Percent of People with Each Score

Your Score History

You have not taken this quiz